Statistics for WRC Constructors Champions

Click here to take the quiz!

General Stats

  • This quiz has been taken 114 times
  • The average score is 44 of 51

Answer Stats

YearAnswer% Correct
2006Ford
96%
1979Ford
96%
2007Ford
96%
1994Toyota
96%
1993Toyota
96%
1999Toyota
96%
2023Toyota
96%
2020Toyota
96%
2021Toyota
96%
2022Toyota
96%
2018Toyota
96%
2019Hyundai
91%
1983Lancia
91%
1974Lancia
91%
1987Lancia
91%
1988Lancia
91%
1989Lancia
91%
1990Lancia
91%
1991Lancia
91%
1992Lancia
91%
1976Lancia
91%
1975Lancia
91%
1997Subaru
91%
1995Subaru
91%
1996Subaru
91%
2003Citroen
89%
2004Citroen
89%
2005Citroen
89%
2008Citroen
89%
2009Citroen
89%
2010Citroen
89%
2011Citroen
89%
2012Citroen
89%
1985Peugeot
87%
2000Peugeot
87%
2001Peugeot
87%
2002Peugeot
87%
1986Peugeot
87%
2014Volkswagen
86%
2015Volkswagen
86%
2016Volkswagen
86%
2013Volkswagen
86%
1984Audi
83%
1982Audi
83%
1998Mitsubishi
82%
1980Fiat
64%
1978Fiat
64%
1977Fiat
64%
2017M-Sport
46%
1973Alpine
43%
1981Talbot
32%

Score Distribution

Percentile by Number Answered

Percent of People with Each Score

Your Score History

You have not taken this quiz